Wood and tree fungi : Biology, damage, protection and use
| Format: | Book |
|---|---|
| Published: |
Berlin :
Springer ,
2006
|
| Subjects: |
MARC
| LEADER | 00000cam a2200000 7i4500 | ||
|---|---|---|---|
| 001 | 0000003837 | ||
| 005 | 20110721.0 | ||
| 020 | 0 | 0 | |a 3540321381 |
| 090 | 0 | 0 | |a 575.46 |b OLAF 2006 |
| 245 | 0 | 0 | |a Wood and tree fungi : |b Biology, damage, protection and use |c Olaf Schmidt |
| 260 | 0 | 0 | |a Berlin : |b Springer , |c 2006 |
| 300 | |a xi, 334 p. : |b ill.(some col) ; |c 24 cm. | ||
| 500 | 0 | 0 | |a Includes bibliographical references and index |
| 650 | 0 | 0 | |a Forest fungi |
| 650 | 0 | 0 | |a Fungi |
| 998 | |a JPSM | ||
| 999 | |a 007402 |b Monograph |c Open Shelf |e Default branch | ||